| 000 | 00380 a2200145 4500 | ||
|---|---|---|---|
| 001 | 57688 | ||
| 082 | _a80274 | ||
| 090 |
_c35369 _d35369 |
||
| 100 | _a Rudy Kouhoupt | ||
| 245 | _aAdvanced aspects of machine lathe operation( with 5 pages pamphlet) [DVD] | ||
| 260 |
_bNew Life Video Productions _c1999 |
||
| 300 | _e( with 5 pages pamphlet) | ||
| 500 | _aCD/DVD | ||
| 505 | _aIE | ||
| 942 |
_aNUST-CAE _k80274 |
||
| 999 |
_c292761 _d292761 |
||